دليل الاسكندرية التاريخى والاثرى / (Record no. 59767)
[ view plain ]
| 000 -الفاتح | |
|---|---|
| حقل البيانات ثابتة الطول | 00882nam a22002297a 4500 |
| 005 - وقت وتاريخ اخر تعامل مع التسجيلة | |
| رقم الضبط | 20240530110335.0 |
| 008 - عناصر البيانات ثابتة الطول - معلومات عامة | |
| حقل البيانات ثابتة الطول | 140904s2009 ua of||e o00| 0 ara d |
| 017 ## - رقم الايداع القانونى | |
| رقم الايداع القانونى | 2009/9084 |
| المصدر ( الهيئة المختصة) | مصر . دار الكتب المصرية |
| 020 ## - الرقم الدولى المعيارى للكتب | |
| الرقم الدولى المعيارى للكتاب | 9789774791859 |
| 040 ## - مصدر الفهرسة | |
| وكالة الفهرسة الأصلية | EG-CaGPL |
| 082 04 - رقم تصنيف ديوى العشرى | |
| رقم الطبعة | 21 |
| رقم التصنيف | 916.211 |
| رقم المادة | ق/ى د |
| 100 0# - المدخل الرئيسى - إسم شخصى | |
| الإسم الشخصى | يسرية عبدالعزيز حسنى |
| 245 0# - بيان العنوان | |
| العنوان | دليل الاسكندرية التاريخى والاثرى / |
| بيان المسئوليه,etc | يسرية عبدالعزيز حسنى |
| 250 ## - بيان الطبعة | |
| بيان الطبعة | ط 1 |
| 260 ## - PUBLICATION, DISTRIBUTION, ETC. (IMPRINT) | |
| تاريخ النشر أو التوزيع | 2009 |
| 300 ## - الوصف المادى | |
| التعداد | 178 ص : |
| تفاصيل ماديه اخرى للوعاء | صور ؛ |
| أبعاد الوعاء | 24 سم |
| 650 07 - المدخل الاضافى بالموضوع-مصطلح موضوعى | |
| التقسيم الفرعي العام | الاسكنرية - تاريخ |
| 650 07 - المدخل الاضافى بالموضوع-مصطلح موضوعى | |
| التقسيم الفرعي العام | الاسكندرية - المقابر الرمانية |
| 650 07 - المدخل الاضافى بالموضوع-مصطلح موضوعى | |
| التقسيم الفرعي العام | الاسكندرية - المقابر اليونانية |
| 700 0# - المدخل الاضافى - اسم شخصى | |
| الإسم الشخصى | زاهى حواس |
| الدور | مقدم |
| 942 ## - عناصر المدخل الإضافي( كوها) | |
| مصدر التصنيف او مخطط الترفيف | Dewey Decimal Classification |
| Koha [default] item type | كتاب |
| 260 ## - PUBLICATION, DISTRIBUTION, ETC. (IMPRINT) | |
| -- | القاهرة : |
| -- | المجلس الاعلى للاثار ، |
| حالة التراجع | حالة الفقد | حالة تلف | ليس للاعارة | المكان المؤقت | الموقع الحالى | تاريخ الاكتساب | اجمالي اﻻعارات | رقم الطلب | الباركود | تاريخ اخر مشاهدة | تاريخ تفعيل السعر | نوع وعاء كوها |
|---|---|---|---|---|---|---|---|---|---|---|---|---|
| مكتبة القاهرة الكبرى | مكتبة القاهرة الكبرى | 09/04/2014 | 916.211 ق/ى د | 158687 | 09/04/2014 | 09/04/2014 | كتاب |

